000
00328nam a2200145Ia 4500
008
191201s2009 xx 000 0 und d
082
_a
658.0954
_b
FEB
100
_a
FERNANDO,AC
245
0
_a
Business Environment
250
_a
1st
260
_a
N. delhi
_b
pearson
_c
2009
300
_a
663
650
_a
BBA
942
_2
ddc
_c
BK
_0
6
999
_c
5758
_d
5758